000
00339nam a22001457a 4500
999
_c
6436
_d
6434
005
20210831145713.0
008
200522b xxu||||| |||| 00| 0 eng d
041
_a
eng
082
_a
340
245
_a
The Central excise Act 1944
260
_a
Delhi
_b
Professional Book Publishers
300
_a
97p.
650
_a
Law
_9
5701
942
_c
BK